00629nam a2200205Ia 450000500170000000800410001702000180005804100080007608200150008410000190009924500260011826000340014430000080017850000280018665000360021470000190025094200070026999900170027695201300029320251120185906.0230125s9999 xx 000 0 und d a81-7418-225-X aeng a158.1bNAI aNaik S9215173 aNirnay Ghenyachi Kala c2005bIndrayani SahityaaPune a71p aPersonality Development aPersonality Development9213420 aNaik S9215173 cDB c92293d92293 00104070aHIMRbHIMRd2006-11-13eSatya Gilanio158.1 NAI DB1129pHIMR-DB-1129r2023-01-25 00:00:00w2006-11-13yDBzDB1129